000 00682nam a2200205Ia 4500
005 20260429112238.0
008 260429s9999||||xx |||||||||||||| ||und||
020 _a9788197010071
041 _aHindi
082 _a305.512
_bAMB
100 _aअंबेडकर, भीमराव
245 0 _aजाति प्रथा का विनाश /
_cभीमराव अंबेडकर
250 _a1st ed.
260 _aनई दिल्ली :
_bप्रकाशन संस्थान,
_c2024.
300 _a112 p.; Hb
650 _aCaste
700 _a राय, गारगि
700 _a शर्मा , राघव शरण
942 _cTB
999 _c53097
_d53097